000 00638nam a2200193Ia 4500
001 7384
003 GE_BSU
008 181216s||||||||xx |||||||||||||| ||und||
040 _cGE_BSU
080 _a691.7
100 _aДехтяр,А.Ш.
245 _aОблегчение конструкций металлических стен промышленных зданий.
260 _aМ.
260 _bСтройиздат.
260 _c1979.
300 _a160стр.с илл.20см.
653 _aОблегчение конструкций металлических стен промышленных зданий.
942 _cBK
999 _c40745
_d40745